Putinovi agenti : jak ruští špioni kradou naše tajemství /
Uznávaný novinář Ondřej Kundra odhaluje působení ruských agentů na našem území i to, jak ruští špioni kradou naše tajemství.
Uloženo v:
| Hlavní autor: | |
|---|---|
| Další autoři: | |
| Médium: | E-audiokniha |
| Jazyk: | Czech |
| Vydáno: |
[Brno] :
BizBooks,
[2019]
|
| Témata: | |
| Tagy: |
Žádné tagy |
| LEADER | 04369nim a2200817 i 4500 | ||
|---|---|---|---|
| 001 | 313023 | ||
| 003 | CZ PrSKC | ||
| 005 | 20260601215733.0 | ||
| 007 | sd fungnnmmned | ||
| 008 | 190613t20192019xr nnnng z n cze | ||
| 015 | |a cnb003102637 | ||
| 024 | 3 | |a 8594050426504 | |
| 040 | |a ABA001 |b cze |e rda | ||
| 043 | |a e-ru--- |a e-xr--- | ||
| 045 | |a x8y1 | ||
| 072 | 7 | |a 355/359 |x Vojenství. Obrana země. Ozbrojené síly |2 Konspekt | |
| 080 | |a 351.746.1+355.40 |2 MRF | ||
| 080 | |a 355.40-051 |2 MRF | ||
| 080 | |a 355.40 |2 MRF | ||
| 080 | |a (470+571) |2 MRF | ||
| 080 | |a (437.3) |2 MRF | ||
| 080 | |a (0:82-96) |2 MRF | ||
| 080 | |a (086.7)08 |2 MRF | ||
| 080 | |a (086.76) |2 MRF | ||
| 100 | 1 | |a Kundra, Ondřej, |d 1980- |7 ola2014838605 |4 aut | |
| 245 | 1 | 0 | |a Putinovi agenti : |b jak ruští špioni kradou naše tajemství / |c Ondřej Kundra |
| 246 | 3 | 0 | |a Jak ruští špioni kradou naše tajemství |
| 264 | 1 | |a [Brno] : |b BizBooks, |c [2019] | |
| 264 | 4 | |c ©2019 | |
| 300 | |a 1 audiodisk (7 hod., 4 min., 5 sek.) ; |c 12 cm | ||
| 306 | |a 070405 | ||
| 336 | |a mluvené slovo |b spw |2 rdacontent | ||
| 337 | |a audio |b s |2 rdamedia | ||
| 338 | |a audiodisk |b sd |2 rdacarrier | ||
| 344 | |a digital |b optical |2 rda | ||
| 347 | |a audio soubor |b MP3 |2 rda | ||
| 500 | |a Název z disku | ||
| 500 | |a Copyright Albatros Media | ||
| 500 | |a Nezkrácená audiokniha ve formátu MP3 | ||
| 500 | |a Podle stejnojmenné knihy vydané nakladatelstvím Bizbooks v roce 2016 | ||
| 511 | 0 | |a Čte Zbyšek Horák | |
| 520 | 2 | |a Uznávaný novinář Ondřej Kundra odhaluje působení ruských agentů na našem území i to, jak ruští špioni kradou naše tajemství. |b Podle názoru autora se Rusko dosud nesmířilo s poklesem svého vlivu v Evropě a prostředkem k jeho posílení má být rovněž špionáž. Kniha nás seznamuje s historickými kořeny i geografickými příčinami ruské expanzivní politiky. Další kapitoly sledují kariéru nynějšího ruského prezidenta v KGB i v ruské politice. Důležitá pozornost je věnována fungování ruských zpravodajských služeb (FSB, GRU), aktivitám ruských agentů v České republice (např. R. Rachardžo) i v ostatních státech Evropské unie. Právě Česká republika hraje díky své poloze i historii důležitou roli v působení ruských zpravodajských služeb. Autor zároveň poukazuje na přitažlivost naší země pro ruskojazyčný organizovaný zločin. | |
| 610 | 2 | 7 | |a Služba vnešnej razvedki Rossijskoj Federacii |7 ko2005281488 |2 czenas |
| 610 | 1 | 7 | |a Rusko (federace). |b Glavnoje razvedyvatel‘noje upravlenije |7 ko2002106704 |2 czenas |
| 648 | 7 | |a od 1989 |7 ch462156 |2 czenas | |
| 650 | 0 | 7 | |a zpravodajské služby |7 ph127677 |z Rusko |y od 1989 |2 czenas |
| 650 | 0 | 7 | |a agenti |7 ph118297 |z Rusko |y od 1989 |2 czenas |
| 650 | 0 | 7 | |a špionáž |7 ph127874 |z Česko |y od 1989 |2 czenas |
| 655 | 7 | |a literatura faktu |7 fd132773 |2 czenas | |
| 655 | 7 | |a audioknihy |7 fd119452 |2 czenas | |
| 655 | 7 | |a kompaktní disky |7 fd201991 |2 czenas | |
| 700 | 1 | |a Horák, Zbyšek, |d 1966- |7 xx0003733 |4 nrt | |
| 900 | |a ABA001 |b 18 | ||
| 044 | |a xr | ||
| 505 | 0 | 0 | |t Kapitola 1. - Rýhy v podlaze (37 min., 37 sek.) |
| 505 | 0 | 0 | |t Kapitola 2. - Stále se rozšiřovat (33 min., 28 sek.) |
| 505 | 0 | 0 | |t Kapitola 3. - Zrození vůdce (28 min., 30 sek.) |
| 505 | 0 | 0 | |t Kapitola 4. - Magnického zákon (28 min., 22 sek.) |
| 505 | 0 | 0 | |t Kapitola 5. - Nová šlechta (26 min., 10 sek.) |
| 505 | 0 | 0 | |t Kapitola 6. - Oči přelepené páskou (22 min., 53 sek.) |
| 505 | 0 | 0 | |t Kapitola 7. - Opět spolu (31 min., 3 sek.) |
| 505 | 0 | 0 | |t Kapitola 8. - Znehybnělá společnost (37 min., 41 sek.) |
| 505 | 0 | 0 | |t Kapitola 9. - Rezidentura (24 min., 32 sek.) |
| 505 | 0 | 0 | |t Kapitola 10. - Praha v záři slunce (23 min., 53 sek.) |
| 505 | 0 | 0 | |t Kapitola 11. - Cestovatel (40 min., 42 sek.) |
| 505 | 0 | 0 | |t Kapitola 12. - Vedoucí kolotoče (52 min., 16 sek.) |
| 505 | 0 | 0 | |t Kapitola 13. - Čtyři krtci v Tallinnu a unesený muž (26 min., 26 sek.) |
| 505 | 0 | 0 | |t Kapitola 14. - Epilog (10 min., 32 sek.) |
| 910 | |a RBIT002 | ||
| 998 | |d 206647 |a https://core.palmknihy.cz/api/books/206647/cover?sjba5e |b https://core.palmknihy.cz/api/books/206647/cover/400?sjba5e |c https://core.palmknihy.cz/api/books/206647/cover/50?sjba5e |e 2050-12-31 |i 8594050426504 |l 25440 |q 49 |r 1 |s https://www.palmknihy.cz/kniha/206647 |t audiobook |y 2019 |z 0 | ||
| 999 | |d 313021 | ||